[Event "2BLW 2324 SF Lieme - SV Werder Bremen II"]
[Site "?"]
[Date "2024.03.17"]
[Round "10.2"]
[White "Wittke, Rene"]
[Black "Meins, Gerlef"]
[Result "0-1"]
[WhiteElo "2322"]
[BlackElo "2390"]
[PlyCount "60"]
[EventDate "2024.??.??"]

1. d4 d5 2. c4 dxc4 3. e3 Nf6 4. Bxc4 e6 5. Nf3 c5 6. O-O a6 7. a4 Nc6 8. Nc3 Be7 9. d5 exd5 10. Nxd5 Nxd5 11. Bxd5 Nb4 12. Bb3 Qxd1 13. Rxd1 Bf6 14. e4 Bg4 15. e5 Bxf3 16. gxf3 Bxe5 17. Re1 Nd3 18. Re3 O-O-O 19. Bxf7 Rhf8 20. Bc4 Bxb2 21. Bxb2 Nxb2 22. Be2 Rf4 23. a5 c4 24. Rc1 Kb8 25. Re4 Rd4 26. Rc2 Rfxe4 27. fxe4 Nd3 28. f3 g5 29. Kf1 b5 30. axb6 Kb7 0-1

[Event "2BLW 2324 SF Lieme - SV Werder Bremen II"]
[Site "?"]
[Date "2024.03.17"]
[Round "10.3"]
[White "Lobzhanidze, Davit"]
[Black "Bentel, Robin"]
[Result "1/2-1/2"]
[WhiteElo "2401"]
[BlackElo "2197"]
[PlyCount "92"]
[EventDate "2024.??.??"]

1. e4 c5 2. Nf3 d6 3. Bb5+ Nd7 4. a4 Ngf6 5. Nc3 e6 6. O-O Be7 7. d4 cxd4 8. Qxd4 O-O 9. Rd1 Qc7 10. Bg5 a6 11. Be2 b6 12. Nd2 Ne5 13. Nc4 Nxc4 14. Qxc4 Qxc4 15. Bxc4 Bb7 16. f3 Rfd8 17. Rd2 d5 18. exd5 Nxd5 19. Bxe7 Nxe7 20. Rad1 Rxd2 21. Rxd2 Nc6 22. Rd7 Rb8 23. f4 Nb4 24. f5 exf5 25. Bxf7+ Kh8 26. Bb3 g6 27. Ne2 Be4 28. Nd4 Rb7 29. Rd6 Kg7 30. Ne6+ Kh6 31. Nd8 Rc7 32. c3 Nd3 33. Nf7+ Kg7 34. Ng5 Re7 35. Rxb6 Bd5 36. Ne6+ Bxe6 37. Bxe6 Nc5 38. Bc4 Nxa4 39. Rb4 Nc5 40. Bf1 Ra7 41. Rc4 Nb3 42. Rc6 a5 43. Kf2 Rd7 44. Re6 Rd2+ 45. Re2 Rd1 46. Re1 Rd2+ 1/2-1/2

[Event "2BLW 2324 SF Lieme - SV Werder Bremen II"]
[Site "?"]
[Date "2024.03.17"]
[Round "10.4"]
[White "Himpenmacher, Andy"]
[Black "Kollen, Zyon"]
[Result "1/2-1/2"]
[WhiteElo "2237"]
[BlackElo "2324"]
[PlyCount "85"]
[EventDate "2024.??.??"]

1. Nf3 Nf6 2. b3 d5 3. e3 Bg4 4. h3 Bxf3 5. Qxf3 e6 6. Bb2 Nbd7 7. g4 h6 8. h4 Bd6 9. g5 hxg5 10. hxg5 Rxh1 11. Qxh1 Ne4 12. f4 g6 13. Bg2 Ng3 14. Qh8+ Ke7 15. Qh3 Nf5 16. Nc3 c6 17. O-O-O Qa5 18. Kb1 Re8 19. Ne2 e5 20. fxe5 Bxe5 21. Bxe5 Nxe5 22. e4 dxe4 23. Bxe4 Nd6 24. Nc3 Kd8 25. Qg3 Qb4 26. Bd3 Nxd3 27. Qxd3 Kc7 28. Qg3 Qd4 29. Rf1 Qe5 30. Qg1 b6 31. Kb2 Nf5 32. a4 Rd8 33. Rf2 Re8 34. Re2 Qh8 35. Rxe8 Qxe8 36. Qh2+ Kd7 37. Qf4 Qh8 38. Kc1 Nd6 39. Kb1 Qh3 40. Kb2 Qf5 41. Qe3 Qe6 42. Qf4 Qf5 43. Qe3 1/2-1/2

[Event "2BLW 2324 SF Lieme - SV Werder Bremen II"]
[Site "?"]
[Date "2024.03.17"]
[Round "10.5"]
[White "Joachim, Sven"]
[Black "Essing, Arnold"]
[Result "1-0"]
[WhiteElo "2402"]
[BlackElo "2219"]
[PlyCount "105"]
[EventDate "2024.??.??"]

1. e4 e5 2. Nf3 Nf6 3. Nxe5 d6 4. Nf3 Nxe4 5. c4 Nc6 6. Nc3 Nxc3 7. dxc3 Be7 8. Bd3 Be6 9. Qb3 Rb8 10. Qc2 d5 11. cxd5 Qxd5 12. O-O Qh5 13. Bf4 Bd6 14. Bxd6 cxd6 15. Qd2 h6 16. Qf4 O-O 17. Rfe1 Rbd8 18. Qe4 g6 19. Qf4 Kh7 20. Re4 Bd5 21. g4 Bxe4 22. gxh5 Bxd3 23. Rd1 Bf5 24. Rxd6 Rxd6 25. Qxd6 Rd8 26. Qf6 Rd7 27. h4 Kg8 28. Nd4 Nxd4 29. cxd4 Rd5 30. hxg6 Bxg6 31. Qe7 Rxd4 32. Qxb7 Rxh4 33. Qxa7 Be4 34. f4 Rg4+ 35. Kf2 f5 36. b4 h5 37. b5 h4 38. b6 Rg7 39. Qb8+ Kh7 40. Qd8 Rg2+ 41. Ke3 Rg3+ 42. Kd2 Rg4 43. Qe7+ Kh6 44. b7 Bxb7 45. Qxb7 Rxf4 46. Ke3 Rg4 47. Qb6+ Kg5 48. Qd8+ Kg6 49. Qd6+ Kg5 50. Kf3 h3 51. Qd8+ Kg6 52. Qg8+ Kf6 53. Qh8+ 1-0

[Event "2BLW 2324 SF Lieme - SV Werder Bremen II"]
[Site "?"]
[Date "2024.03.17"]
[Round "10.7"]
[White "Breutigam, Martin"]
[Black "Bundesmann, Joerg"]
[Result "1-0"]
[WhiteElo "2359"]
[BlackElo "2078"]
[PlyCount "89"]
[EventDate "2024.??.??"]

1. d4 Nf6 2. Nf3 e6 3. e3 b6 4. Bd3 Bb7 5. O-O Be7 6. c4 O-O 7. Nc3 d5 8. b3 Nbd7 9. Bb2 Ne4 10. Qc2 f5 11. Ne2 Bd6 12. Ne5 Qe7 13. f3 Nef6 14. Ng3 c5 15. Kh1 Rac8 16. Qe2 cxd4 17. Nxd7 Nxd7 18. cxd5 dxe3 19. dxe6 Qxe6 20. Bc4 Rxc4 21. Qxc4 Bd5 22. Qd3 Be5 23. Bxe5 Nxe5 24. Qd4 f4 25. Ne2 Nc6 26. Qa4 Qe5 27. Rac1 Na5 28. Rfd1 Bb7 29. Qd4 Qg5 30. Rc7 Ba6 31. Nc3 Nb7 32. Ne4 Qg6 33. Qd5+ Kh8 34. Rxb7 Bxb7 35. Qxb7 Qf5 36. h3 Qa5 37. Qe7 Kg8 38. Rd7 Qe1+ 39. Kh2 Qa1 40. Qe6+ Kh8 41. Rf7 Rg8 42. Rxf4 g5 43. Nxg5 Rxg5 44. Rf8+ Kg7 45. Rg8# 1-0

[Event "2BLW 2324 SF Lieme - SV Werder Bremen II"]
[Site "?"]
[Date "2024.03.17"]
[Round "10.8"]
[White "Erofeev, Anastasia"]
[Black "Ewert, Hannes"]
[Result "1/2-1/2"]
[WhiteElo "2017"]
[BlackElo "2250"]
[PlyCount "135"]
[EventDate "2024.??.??"]

1. d4 Nf6 2. c4 e6 3. Nc3 Bb4 4. Qc2 O-O 5. Nf3 d5 6. e3 b6 7. a3 Be7 8. cxd5 exd5 9. Bd3 c5 10. Ne5 Ba6 11. O-O Bxd3 12. Qxd3 Qc7 13. Rd1 Rd8 14. b3 Nc6 15. Nb5 Nxe5 16. Nxc7 Nxd3 17. Rxd3 Rac8 18. Nb5 a6 19. Nc3 cxd4 20. exd4 Rc6 21. f3 Rdc8 22. Ne2 Rc2 23. Kf1 Bd6 24. Bd2 h5 25. g3 h4 26. gxh4 Nh5 27. a4 Bxh2 28. Rc1 Rxc1+ 29. Nxc1 Bf4 30. Ne2 Bxd2 31. Rxd2 Kh7 32. Kf2 Kg6 33. Rd1 Rc2 34. Ke3 Kf5 35. Rg1 f6 36. Rb1 Rc7 37. Rg1 g6 38. Kd3 Re7 39. Rg4 Rh7 40. Kd2 Rd7 41. Kd3 a5 42. Kd2 Rh7 43. Kd3 g5 44. Kd2 Re7 45. hxg5 fxg5 46. Ng3+ Nxg3 47. Rxg3 Kf4 48. Rg4+ Kf5 49. Rg1 Re6 50. Rg2 Rg6 51. Ke3 Rc6 52. Kd2 Rh6 53. Ke3 Rh3 54. Rg1 Rh2 55. Kd3 Rb2 56. Kc3 Rf2 57. Rg3 Rh2 58. Kd3 Rh1 59. Kd2 Rf1 60. Kc2 Rf2+ 61. Kd3 Rh2 62. Rg1 Rb2 63. Kc3 Rf2 64. Rg3 Re2 65. Kd3 Re7 66. Kd2 Rh7 67. Rg1 Rh2+ 68. Kd3 1/2-1/2

[Event "2BLW 2324 Düsseldorfer SK - Klub Kölne"]
[Site "?"]
[Date "2024.03.17"]
[Round "10.1"]
[White "Strohhaeker, Raoul"]
[Black "Erigaisi Arjun"]
[Result "0-1"]
[WhiteElo "2422"]
[BlackElo "2748"]
[PlyCount "88"]
[EventDate "2024.??.??"]

1. e4 c5 2. Nf3 d6 3. d4 cxd4 4. Nxd4 Nf6 5. Nc3 a6 6. g3 e5 7. Nde2 Be7 8. Bg2 b5 9. O-O Bb7 10. h3 Nbd7 11. g4 b4 12. Nd5 Nxd5 13. exd5 O-O 14. c4 bxc3 15. Nxc3 a5 16. Be3 g6 17. Rc1 Ba6 18. Re1 f5 19. Bf1 Bxf1 20. Rxf1 Rb8 21. Rc2 Kh8 22. f3 Bg5 23. Qc1 Bxe3+ 24. Qxe3 Rb4 25. Kg2 Nc5 26. b3 Qh4 27. Ne2 Qf6 28. Rc4 Rb7 29. f4 Re7 30. fxe5 Rxe5 31. Qd2 Rfe8 32. Ng3 Re3 33. gxf5 Qe5 34. Rf3 Rxf3 35. Kxf3 gxf5 36. Qd4 Nd7 37. Ra4 Qxd4 38. Rxd4 Re5 39. Rf4 Rxd5 40. Rxf5 Rc5 41. Kg4 Rc2 42. b4 Rxa2 43. b5 Rg2 44. Kh4 Rb2 0-1

[Event "2BLW 2324 Düsseldorfer SK - Klub Kölne"]
[Site "?"]
[Date "2024.03.17"]
[Round "10.2"]
[White "Van Foreest, Jorden"]
[Black "Stork, Oliver"]
[Result "1/2-1/2"]
[WhiteElo "2672"]
[BlackElo "2329"]
[PlyCount "113"]
[EventDate "2024.??.??"]

1. e4 c5 2. Nf3 e6 3. Nc3 Nc6 4. h3 a6 5. d4 cxd4 6. Nxd4 Qc7 7. Nxc6 Qxc6 8. a4 b6 9. Bd3 Bb7 10. O-O Nf6 11. Re1 Be7 12. Ne2 O-O 13. Nd4 Qc7 14. c3 d6 15. Bg5 Rfe8 16. Re3 g6 17. Qe2 e5 18. Bxf6 Bxf6 19. Nc2 Bg5 20. Rf3 d5 21. c4 dxe4 22. Bxe4 Bxe4 23. Qxe4 f5 24. Qe2 Rad8 25. c5 Qxc5 26. Rc3 Rd2 27. Qxd2 Bxd2 28. Rxc5 bxc5 29. Rd1 Rd8 30. b4 Bg5 31. Rxd8+ Bxd8 32. bxc5 Kf7 33. Kf1 Ke6 34. Ke2 Be7 35. Nb4 Bxc5 36. Nxa6 Bd6 37. Kd3 Kd5 38. Kc3 e4 39. a5 f4 40. Nb4+ Kc5 41. a6 Be5+ 42. Kc2 Bb8 43. Na2 f3 44. gxf3 exf3 45. Kd3 Kb6 46. Ke4 Kxa6 47. Nb4+ Kb5 48. Nd5 Kc6 49. Nf6 h5 50. Kxf3 Be5 51. Nh7 Bd6 52. Ke4 Kd7 53. Kd5 Ke7 54. Nf8 Kxf8 55. Kxd6 Kf7 56. Ke5 Ke7 57. f4 1/2-1/2

[Event "2BLW 2324 Düsseldorfer SK - Klub Kölne"]
[Site "?"]
[Date "2024.03.17"]
[Round "10.3"]
[White "Morawietz, Dieter"]
[Black "Bologan, Victor"]
[Result "0-1"]
[WhiteElo "2383"]
[BlackElo "2594"]
[PlyCount "74"]
[EventDate "2024.??.??"]

1. d4 Nf6 2. c4 e6 3. Nf3 b6 4. g3 Bb7 5. Bg2 Be7 6. O-O O-O 7. Re1 Na6 8. Nc3 Ne4 9. h4 f5 10. Bf4 Bf6 11. Nxe4 Bxe4 12. Qa4 Qc8 13. Rad1 d6 14. Ng5 Bxg2 15. Kxg2 Qb7+ 16. f3 Rae8 17. e4 h6 18. Nh3 fxe4 19. Rxe4 Bxd4 20. Rexd4 e5 21. Rd5 exf4 22. Nxf4 Nc5 23. Qc2 Nd7 24. Rf1 Nf6 25. Rd3 Ng4 26. Qb3 Rf7 27. Kg1 Ne5 28. Re3 Qc6 29. Qb5 Qa8 30. Qd5 Qc8 31. Kg2 c6 32. Qd4 Ref8 33. b3 Rxf4 34. gxf4 Ng6 35. Qxd6 Nxf4+ 36. Kf2 Qh3 37. Ree1 Qh2+ 0-1

[Event "2BLW 2324 Düsseldorfer SK - Klub Kölne"]
[Site "?"]
[Date "2024.03.17"]
[Round "10.4"]
[White "Berelowitsch, Alexander"]
[Black "Helbig, Mark"]
[Result "1-0"]
[WhiteElo "2484"]
[BlackElo "2274"]
[PlyCount "51"]
[EventDate "2024.??.??"]

1. e4 c6 2. d4 d5 3. Nc3 dxe4 4. Nxe4 Nf6 5. Nxf6+ gxf6 6. c3 Bf5 7. Nf3 Nd7 8. g3 Qb6 9. Qe2 Bg4 10. Bg2 e6 11. h3 Bxf3 12. Bxf3 Bd6 13. Be3 Qc7 14. O-O-O f5 15. d5 cxd5 16. Bxd5 O-O-O 17. Bg2 Bc5 18. Bf4 e5 19. Be3 Bxe3+ 20. Qxe3 Kb8 21. Qf3 f4 22. gxf4 exf4 23. Rd5 a6 24. Rhd1 Rhg8 25. Bh1 f6 26. Qd3 1-0

[Event "2BLW 2324 Düsseldorfer SK - Klub Kölne"]
[Site "?"]
[Date "2024.03.17"]
[Round "10.5"]
[White "Wacker, Peter"]
[Black "Orlov, Andrey"]
[Result "0-1"]
[WhiteElo "2238"]
[BlackElo "2489"]
[PlyCount "80"]
[EventDate "2024.??.??"]

1. e4 e5 2. Nc3 Nc6 3. Nf3 Nf6 4. d4 exd4 5. Nxd4 Bb4 6. Nxc6 bxc6 7. Bd3 O-O 8. O-O d5 9. exd5 cxd5 10. Bg5 c6 11. Qf3 Be7 12. h3 h6 13. Bf4 Bd6 14. Rfe1 Rb8 15. b3 Rb4 16. Bxd6 Qxd6 17. Na4 c5 18. c3 Rb7 19. Qe3 Rc7 20. Qe5 Qxe5 21. Rxe5 Bd7 22. Nb2 c4 23. bxc4 Rb8 24. Re2 Be6 25. cxd5 Nxd5 26. Nd1 Nf4 27. Re3 g5 28. Bf1 Nd5 29. Rd3 Rbc8 30. Rd4 Nxc3 31. Nxc3 Rxc3 32. a4 R3c5 33. Bb5 Kg7 34. Rad1 Bc4 35. Rd7 a5 36. Ra7 Bxb5 37. axb5 Rxb5 38. Rdd7 Rf5 39. g4 Rf4 40. Rxa5 Rd4 0-1

[Event "2BLW 2324 Düsseldorfer SK - Klub Kölne"]
[Site "?"]
[Date "2024.03.17"]
[Round "10.6"]
[White "Levin, Felix"]
[Black "Andersen, Hans-Christoph"]
[Result "0-1"]
[WhiteElo "2434"]
[BlackElo "2212"]
[PlyCount "116"]
[EventDate "2024.??.??"]

1. d4 d5 2. Nf3 Nf6 3. c4 c6 4. Qb3 dxc4 5. Qxc4 Bg4 6. Nbd2 Nbd7 7. g3 e6 8. Bg2 Be7 9. O-O O-O 10. Qb3 Qb6 11. Nc4 Qa6 12. Bd2 Bf5 13. Bf4 Nb6 14. Nfe5 Rad8 15. Rfd1 Be4 16. Bxe4 Nxe4 17. Qc2 Nxc4 18. Nxc4 Nf6 19. Ne5 Qb6 20. Nc4 Qa5 21. Bg5 h6 22. Bxf6 Bxf6 23. e3 Qb5 24. a4 Qh5 25. b4 e5 26. dxe5 Bxe5 27. Rab1 Bc7 28. Kg2 Rxd1 29. Rxd1 Rd8 30. Rxd8+ Bxd8 31. Qe4 Qd5 32. Qxd5 cxd5 33. Nd6 Be7 34. Nxb7 Bxb4 35. g4 Kf8 36. Nd8 Ke8 37. Nc6 Bc5 38. Kf3 Kd7 39. Ne5+ Ke6 40. Nd3 Bd6 41. h4 g6 42. h5 gxh5 43. gxh5 Kf5 44. Nc1 Bc7 45. Nd3 Bb6 46. Nb4 d4 47. e4+ Kg5 48. Nd3 Kxh5 49. e5 Kg5 50. Ke4 h5 51. f4+ Kg4 52. f5 h4 53. e6 fxe6 54. fxe6 Bd8 55. Kxd4 Kg3 56. Ke3 h3 57. Nf2 h2 58. Ke2 Kg2 0-1

[Event "2BLW 2324 Düsseldorfer SK - Klub Kölne"]
[Site "?"]
[Date "2024.03.17"]
[Round "10.7"]
[White "Kurth, Justus"]
[Black "Braun, Christian"]
[Result "1-0"]
[WhiteElo "2258"]
[BlackElo "2406"]
[PlyCount "105"]
[EventDate "2024.??.??"]

1. Nf3 Nf6 2. c4 g6 3. g3 Bg7 4. Bg2 d6 5. d4 Bf5 6. Nh4 Be4 7. f3 Bxb1 8. Rxb1 O-O 9. O-O e5 10. f4 e4 11. f5 c5 12. fxg6 fxg6 13. Bg5 cxd4 14. Bxe4 Qb6 15. Bd3 Nbd7 16. Qd2 Rae8 17. Bh6 Qc5 18. Bxg7 Kxg7 19. b4 Qe5 20. Nf3 Qe3+ 21. Qxe3 dxe3 22. Rb3 Ne5 23. Nxe5 Rxe5 24. Kg2 h5 25. h3 h4 26. gxh4 Rh8 27. Rf4 g5 28. Rf5 Rxh4 29. Rxe5 dxe5 30. c5 Nd5 31. Bf5 Rxb4 32. Rxb4 Nxb4 33. Bc8 b6 34. a3 Nc2 35. c6 Nd4 36. Bd7 Nb5 37. a4 Nc7 38. Kf3 Kf6 39. Kxe3 a5 40. Kd3 Ke7 41. Ke4 Kd6 42. Kf5 b5 43. axb5 Nxb5 44. Kxg5 a4 45. Be8 a3 46. Bf7 Nd4 47. Kf6 Nxc6 48. h4 e4 49. h5 Ne5 50. Ba2 Nd7+ 51. Kf5 Ke7 52. h6 Kf8 53. Kxe4 1-0

[Event "2BLW 2324 Düsseldorfer SK - Klub Kölne"]
[Site "?"]
[Date "2024.03.17"]
[Round "10.8"]
[White "De Gleria, Francesco"]
[Black "Schmidt, Martin"]
[Result "1-0"]
[WhiteElo "2374"]
[BlackElo "2232"]
[PlyCount "73"]
[EventDate "2024.??.??"]

1. d4 d5 2. Bf4 c5 3. e3 cxd4 4. exd4 Nc6 5. Nf3 f6 6. c4 e5 7. dxe5 d4 8. Bd3 fxe5 9. Nxe5 Nxe5 10. Qe2 Qa5+ 11. Kd1 Bd6 12. Re1 Nf6 13. Bxe5 Qxe5 14. Qxe5+ Bxe5 15. Rxe5+ Kf7 16. Nd2 Bd7 17. Ne4 Nxe4 18. Rxe4 Rhd8 19. Kd2 Bc6 20. Rf4+ Kg8 21. f3 Rac8 22. Re1 Rc7 23. Re5 g6 24. h4 Rf7 25. Rg4 Rg7 26. b4 a6 27. a3 Kf8 28. Reg5 Be8 29. Rd5 Rxd5 30. cxd5 Ke7 31. Re4+ Kd8 32. Rxd4 b5 33. d6 Ra7 34. Be4 a5 35. d7 Bxd7 36. Bc6 axb4 37. axb4 1-0

[Event "2BLW 2324 Aachener SV - SG Solingen II"]
[Site "?"]
[Date "2024.03.17"]
[Round "10.1"]
[White "Krastev, Alexander"]
[Black "Seel, Christian"]
[Result "1/2-1/2"]
[WhiteElo "2457"]
[BlackElo "2474"]
[PlyCount "31"]
[EventDate "2024.??.??"]

1. e4 e5 2. Nf3 Nc6 3. Bb5 Nf6 4. O-O Nxe4 5. Re1 Nd6 6. Nxe5 Be7 7. Bf1 Nxe5 8. Rxe5 O-O 9. d4 Bf6 10. Re1 Nf5 11. c3 d5 12. Bf4 c6 13. Nd2 Nh4 14. Bd3 Bf5 15. Bxf5 Nxf5 16. Qg4 1/2-1/2

[Event "2BLW 2324 Aachener SV - SG Solingen II"]
[Site "?"]
[Date "2024.03.17"]
[Round "10.2"]
[White "Nagy, Gabor"]
[Black "Gaponenko, Inna"]
[Result "1/2-1/2"]
[WhiteElo "2436"]
[BlackElo "2331"]
[PlyCount "73"]
[EventDate "2024.??.??"]

1. d4 d5 2. c4 dxc4 3. e3 Nf6 4. Nf3 e6 5. Bxc4 c5 6. O-O Nc6 7. Nc3 a6 8. d5 Na5 9. b3 b5 10. Bd3 Nxd5 11. Nxd5 Qxd5 12. Qc2 Bb7 13. Rd1 Qc6 14. Bd2 b4 15. a3 Qb6 16. Be4 Bxe4 17. Qxe4 Qb7 18. Qc2 Nc6 19. axb4 cxb4 20. Rdc1 Rc8 21. Ne5 Na7 22. Qa2 Rxc1+ 23. Bxc1 Bd6 24. Nc4 Bc5 25. Qxa6 Qxa6 26. Rxa6 Ke7 27. Ra5 Rc8 28. Bd2 Ke8 29. e4 Rc7 30. Bf4 Rc6 31. g3 f6 32. h4 e5 33. Be3 Bxe3 34. Nxe3 Rc7 35. Nd5 Rb7 36. Rc5 Nb5 37. Rc8+ {(=)} 1/2-1/2

[Event "2BLW 2324 Aachener SV - SG Solingen II"]
[Site "?"]
[Date "2024.03.17"]
[Round "10.3"]
[White "Schlecht, Daniel"]
[Black "Koch, Thomas"]
[Result "1/2-1/2"]
[WhiteElo "2366"]
[BlackElo "2434"]
[PlyCount "33"]
[EventDate "2024.??.??"]

1. Nf3 Nf6 2. c4 c5 3. Nc3 g6 4. e4 d6 5. d4 cxd4 6. Nxd4 Bg7 7. Be2 Nc6 8. Be3 O-O 9. O-O Bd7 10. Qd2 Nxd4 11. Bxd4 Bc6 12. f3 Qa5 13. a3 Rac8 14. b4 Qd8 15. Rac1 h5 16. Rfd1 Kh7 17. Be3 {(=)} 1/2-1/2

[Event "2BLW 2324 Aachener SV - SG Solingen II"]
[Site "?"]
[Date "2024.03.17"]
[Round "10.4"]
[White "Lemmers, Oscar"]
[Black "Schaefer, Markus"]
[Result "1/2-1/2"]
[WhiteElo "2355"]
[BlackElo "2343"]
[PlyCount "35"]
[EventDate "2024.??.??"]

1. e4 e6 2. d4 d5 3. exd5 exd5 4. h3 Nf6 5. Nf3 Be7 6. Bd3 O-O 7. O-O Nc6 8. c3 Ne4 9. Re1 Bf5 10. Qc2 Re8 11. Bf4 Bg6 12. Nbd2 Nxd2 13. Qxd2 Bxd3 14. Qxd3 Qd7 15. Qb5 Rab8 16. Re3 a6 17. Qd3 Bf6 18. Rae1 {(=)} 1/2-1/2

[Event "2BLW 2324 Aachener SV - SG Solingen II"]
[Site "?"]
[Date "2024.03.17"]
[Round "10.5"]
[White "Berg, Michael"]
[Black "Klein, Felix"]
[Result "1/2-1/2"]
[WhiteElo "2275"]
[BlackElo "2285"]
[PlyCount "91"]
[EventDate "2024.??.??"]

1. d4 d5 2. c4 e6 3. Nf3 Nf6 4. g3 Bb4+ 5. Bd2 Be7 6. Bg2 O-O 7. O-O c6 8. Bc3 b6 9. Nbd2 Bb7 10. b4 dxc4 11. Nxc4 c5 12. dxc5 bxc5 13. b5 Nbd7 14. Na5 Bd5 15. Nc6 Bxc6 16. bxc6 Nb6 17. Qc2 Nfd5 18. Rfd1 Qc7 19. Ba5 Rfd8 20. e4 Nf6 21. Bc3 Qxc6 22. Ne5 Qc7 23. a4 Rxd1+ 24. Rxd1 Rd8 25. Rxd8+ Bxd8 26. a5 Nbd7 27. Nc4 Be7 28. Qa4 Ng4 29. Qb5 Nge5 30. Nxe5 Nxe5 31. a6 Nc6 32. h3 Nd4 33. Qe8+ Bf8 34. Kh2 Qb6 35. Qa4 Ne2 36. Be1 Qb1 37. Qa5 c4 38. Qd2 Nc1 39. Qd4 Nd3 40. Bc3 Qb8 41. Qxc4 Nc5 42. Bd4 Qd6 43. Bf1 Nxa6 44. Bxa7 Nc5 45. Qxc5 Qxc5 46. Bxc5 1/2-1/2

[Event "2BLW 2324 Aachener SV - SG Solingen II"]
[Site "?"]
[Date "2024.03.17"]
[Round "10.6"]
[White "Sonntag, Hans-Hubert"]
[Black "Zolfagharian, Kevin"]
[Result "1-0"]
[WhiteElo "2283"]
[BlackElo "2233"]
[PlyCount "124"]
[EventDate "2024.??.??"]

1. d4 Nf6 2. Nf3 e6 3. e3 b6 4. Bd3 Bb7 5. O-O d5 6. c4 dxc4 7. Bxc4 a6 8. Qe2 b5 9. Bd3 Nbd7 10. a4 b4 11. Rd1 c5 12. Nbd2 Be7 13. Nb3 O-O 14. dxc5 Qc7 15. Bd2 Ng4 16. e4 Nxc5 17. Rac1 Qb6 18. a5 Qa7 19. Nxc5 Bxc5 20. Be1 Rfd8 21. h3 Nf6 22. e5 Nd7 23. Be4 Rac8 24. Rc4 h6 25. Kf1 Qb8 26. b3 Bxe4 27. Rxe4 Qb7 28. Rc1 Be7 29. Rec4 Nb8 30. Nd2 Nc6 31. Qe4 Qb5 32. Kg1 Na7 33. Rxc8 Rxc8 34. Rxc8+ Nxc8 35. Qa8 Qxe5 36. Qxa6 Kh7 37. Qd3+ g6 38. Nc4 Na7 39. Qe3 Qxe3 40. Nxe3 Nc6 41. Nc4 Bc5 42. Kf1 Kg7 43. f4 Kf8 44. Bf2 Bxf2 45. Kxf2 Ke7 46. Ke3 Kd7 47. Kd3 Kc7 48. a6 Kb8 49. Nd6 Na5 50. Kc2 Ka7 51. Nxf7 Nc6 52. Kd3 Na5 53. Nd8 Nxb3 54. Nxe6 Kxa6 55. Kc4 Nd2+ 56. Kxb4 Kb6 57. Kc3 Nf1 58. Kd3 Ng3 59. Nf8 g5 60. Ne6 Nh5 61. fxg5 hxg5 62. Ke3 Ng7 1-0

[Event "2BLW 2324 Aachener SV - SG Solingen II"]
[Site "?"]
[Date "2024.03.17"]
[Round "10.7"]
[White "Kniest, Oliver"]
[Black "Coenen, Norbert"]
[Result "1/2-1/2"]
[WhiteElo "2262"]
[BlackElo "2271"]
[PlyCount "25"]
[EventDate "2024.??.??"]

1. d4 d5 2. c4 e6 3. Nc3 Be7 4. Nf3 Nf6 5. Bg5 h6 6. Bxf6 Bxf6 7. e3 O-O 8. Rc1 c6 9. Bd3 Nd7 10. O-O dxc4 11. Bxc4 b6 12. Qe2 Bb7 13. Rfd1 1/2-1/2

[Event "2BLW 2324 Aachener SV - SG Solingen II"]
[Site "?"]
[Date "2024.03.17"]
[Round "10.8"]
[White "Meessen, Rudolf"]
[Black "Michalczak, Thomas"]
[Result "1-0"]
[WhiteElo "2171"]
[BlackElo "2188"]
[PlyCount "126"]
[EventDate "2024.??.??"]

1. d4 d5 2. Nc3 Nf6 3. Bf4 e6 4. Nb5 Na6 5. e3 Be7 6. h4 O-O 7. Nf3 c6 8. Nc3 c5 9. h5 cxd4 10. exd4 Bb4 11. h6 g6 12. Bg5 Be7 13. Bxa6 bxa6 14. Ne5 Bb7 15. f3 Rc8 16. Qd2 Ne8 17. Bxe7 Qxe7 18. O-O-O Nd6 19. b3 Rc7 20. Na4 Rfc8 21. Nc5 Nb5 22. Kb1 Nxd4 23. Qxd4 Qxc5 24. Qxc5 Rxc5 25. Nd7 Rxc2 26. Nf6+ Kf8 27. f4 Ke7 28. Nxh7 f6 29. Nxf6 Rxg2 30. h7 Rh8 31. Ng8+ Kd6 32. Nh6 Rxh7 33. Nf5+ gxf5 34. Rxh7 Bc6 35. Rxa7 Bb5 36. a4 Be2 37. Rd2 e5 38. fxe5+ Ke6 39. Kc2 f4 40. Rxa6+ Kxe5 41. Ra5 f3 42. Raxd5+ Ke4 43. Rd8 Bf1 44. Kc3 f2 45. Re8+ Kf4 46. Rf8+ Ke3 47. Re8+ Kf3 48. b4 Be2 49. Rexe2 f1=Q 50. Rxg2 Qc1+ 51. Kb3 Qb1+ 52. Rb2 Qd1+ 53. Rgc2 Ke4 54. a5 Kd4 55. Ka2 Qe1 56. Re2 Qf1 57. Rbc2 Qf7+ 58. Ka3 Qb7 59. Red2+ Ke3 60. Ka4 Qh1 61. a6 Qa1+ 62. Ra2 Qe1 63. Re2+ Kd4 1-0